| 000 | 00414nam a22001697a 4500 | ||
|---|---|---|---|
| 003 | MACL | ||
| 005 | 20160130121559.0 | ||
| 008 | 160130b xxu||||| |||| 00| 0 eng d | ||
| 040 | _cMACL | ||
| 041 | _aEnglish | ||
| 082 | _a823/MIS | ||
| 100 |
_aAmish _935835 |
||
| 245 | _aThe Secret of the Nagas Book2 of the Shiva Trilogy | ||
| 260 |
_aChennai _bWestland _c2011 |
||
| 650 |
_aFiction _935836 |
||
| 942 |
_2ddc _cBK |
||
| 999 |
_c52938 _d52938 |
||